01956nam a2200313 4500003000400000005001700004007001500021008004100036040000800077100002900085245078200114264004300896300007700939336002701016337002901043338003901072502003301111504005801144650002801202650002801230650002901258650004201287700005401329700004601383700004001429700004501469700004501514856008301559OSt20240506144437.0cr ||||||||c|a240503s2024 mx |||fom||| 001 0 spa d erda1 aGaona Vences, Ammisaddai10aSíntesis, dopaje y caracterización mecánica de nanotubos de óxido de titanio para posibles aplicaciones biomédicas / cpor Ammisaddai Gaona Vences; dirección Max Fernando Flores Jiménez; secretario José Manuel Rabelo Miranda; vocal Jaime Abraham Ríos Díaz; suplente Humberto Sebastián García; suplente Carlos Alfonso Quintero Nieto  1aChapingo, México :bEl autor,c2024. a1 recurso en línea (43 páginas):bIlustraciones, cuadros, gráficas 2rdacontentatextobtxt 2rdamediaacomputadorabc 2rdacarrierarecurso en líneabcr bIMAgcMecánicad2024.gLIC aIncluye referencias bibliográficas: páginas 36-43 4aTratamiento térmico  4aMateriales biomédicos 4aIngeniería biomédica 4aMaterialesxPropiedades mecánicas 1 aFlores Jiménez, Max FernandoeDirector de tesis1 aRabelo Miranda, José ManueleSecretario1 aRíos Díaz, Jaime AbrahameVocal1 aSebastián García, HumbertoeSuplente1 aQuintero Nieto, Carlos AlfonsoeSuplente uhttp://10.13.5.2/tesis/tl/1510791-2_GAONA_VENCES_AMMISADDAI.pdfzDESCARGAR PDF